000 00767nam a2200217 i 4500
001 27965
003 ES-MaACL
005 20250901062523.0
007 t|
008 030116s1961 an ||||1| spa d
100 1 _aArbois, Janick.
_922403
245 1 1 _aRadio-Televisión para Cristo... /
_cJanick Arbois y R.P. Pichard ; [versión española de Pedro Roca Garriga].
260 _aAndorra :
_bCasal i Vall,
_c[1961]
300 _a160 p. ;
_c18 cm.
490 1 _aYo sé, yo creo : enciclopedia del católico en el siglo XX
700 1 _aPichard, R. P.
_991826
700 1 _aRoca Garriga, Pedro.
_997994
830 0 0 _aYo sé, yo creo: enciclopedia del católico del siglo XX
_9186579
852 _aES-MaACL
_jC-21352
_bR.49403
999 _c27965
_d27965